| 000 | 00702cab a2200241 4500 | ||
|---|---|---|---|
| 001 | ABS52094 | ||
| 008 | 090401t1994 xxu||||| |||| 00| 0 eng d | ||
| 035 | _a(Sirsi) u60160 | ||
| 041 | _aeng | ||
| 100 | _aWestbrook, T. | ||
| 245 | _aFacing the fourth wave on retail development? | ||
| 260 | _c1994 | ||
| 350 | _a0 | ||
| 490 |
_aTown & Country Planning _v63(12) December 1994, 334-335(2) |
||
| 520 | _aDiscusses the emergence and likely impact of warehouse club shopping in the UK. | ||
| 650 | _aCOSTCO | ||
| 650 | _aDISCOUNT SHOPPING | ||
| 650 | _aWAREHOUSE CLUBS | ||
| 690 | _aPROPERTY-COMMERCIAL PROPERTY-RETAIL PROPERTY | ||
| 700 | _aSmith, M. | ||
| 942 | _n0 | ||
| 948 | _c04/03/1997 | ||
| 999 |
_c37062 _d37062 |
||